[Event "Titled Tuesday intern op 06th Sep Early"]
[Site "Chess.com INT"]
[Date "2022.09.06"]
[Round "8"]
[White "McConnell, Griffin Thomas"]
[Black "Lorenzo de la Riva, Lazaro"]
[Result "1-0"]
[WhiteElo "1982"]
[BlackElo "2430"]
[PlyCount "67"]
[EventDate "2022.09.06"]
[EventType "swiss (blitz)"]
[EventRounds "11"]
[EventCountry "USA"]
[SourceTitle "EXT 2023"]
[Source "ChessBase"]
[SourceDate "2022.10.05"]
[SourceVersion "1"]
[SourceVersionDate "2022.10.05"]
[SourceQuality "1"]

1. e4 c5 2. Nc3 Nc6 3. Bb5 Nd4 4. Bc4 e6 5. Nge2 a6 6. a4 b6 7. 0-0 Bb7 8. d3 d6 9. Nxd4 cxd4 10. Ne2 g6 11. f4 Bg7 12. Ng3 Ne7 13. Qg4 h5 14. Qe2 h4 15. Nh1 h3 16. g4 Qd7 17. Ng3 0-0-0 18. Bb3 Nc6 19. Bd2 e5 20. f5 Bf8 21. Bg5 Re8 22. fxg6 fxg6 23. Bf7 Bh6 24. Bxh6 Rxh6 25. Bxe8 Qxe8 26. Qd2 Rh7 27. Qg5 Rf7 28. Rf6 Qd8 29. Raf1 Rxf6 30. Rxf6 Ne7 31. Rf7 Kd7 32. Qxg6 Kc6 33. Qf6 Qe8 34. Qxe7 1-0

[Event "Titled Tuesday intern op 23rd Aug Early"]
[Site "Chess.com INT"]
[Date "2022.08.23"]
[Round "3"]
[White "McConnell, Griffin Thomas"]
[Black "Cramling Bellon, Anna"]
[Result "0-1"]
[WhiteElo "2016"]
[BlackElo "2065"]
[PlyCount "66"]
[EventDate "2022.08.23"]
[EventType "swiss (blitz)"]
[EventRounds "11"]
[EventCountry "USA"]
[SourceTitle "EXT 2023"]
[Source "ChessBase"]
[SourceDate "2022.10.05"]
[SourceVersion "1"]
[SourceVersionDate "2022.10.05"]
[SourceQuality "1"]

1. e4 c5 2. Nc3 Nc6 3. Bb5 Nd4 4. Bc4 a6 5. a4 e6 6. Nge2 d6 7. d3 Nf6 8. 0-0 Be7 9. h3 Bd7 10. Nxd4 cxd4 11. Ne2 d5 12. exd5 exd5 13. Bb3 Qb6 14. Bg5 Bc6 15. Qd2 0-0 16. Qf4 h6 17. Bxf6 Bxf6 18. Ng3 Bg5 19. Qg4 Rad8 20. f4 Bd7 21. f5 Be3+ 22. Kh1 Qf6 23. h4 Qe5 24. Nh5 g6 25. Ng3 Kh7 26. Rae1 gxf5 27. Qf3 Rg8 28. Nh5 Rg4 29. g3 Rdg8 30. Bxd5 Rxg3 31. Nxg3 Rxg3 32. Qh5 Rh3+ 33. Kg2 Qg3# 0-1

[Event "Titled Tuesday intern op 23rd Aug Early"]
[Site "Chess.com INT"]
[Date "2022.08.23"]
[Round "9"]
[White "McConnell, Griffin Thomas"]
[Black "Soumya, Swaminathan"]
[Result "1-0"]
[WhiteElo "2016"]
[BlackElo "2335"]
[PlyCount "67"]
[EventDate "2022.08.23"]
[EventType "swiss (blitz)"]
[EventRounds "11"]
[EventCountry "USA"]
[SourceTitle "EXT 2023"]
[Source "ChessBase"]
[SourceDate "2022.10.05"]
[SourceVersion "1"]
[SourceVersionDate "2022.10.05"]
[SourceQuality "1"]

1. e4 c5 2. Nc3 d6 3. f4 Nc6 4. Nf3 g6 5. Bb5 Bd7 6. 0-0 Bg7 7. d3 e6 8. Kh1 Nge7 9. Be3 0-0 10. Qd2 a6 11. Bxc6 Nxc6 12. h3 b5 13. a3 Rb8 14. e5 Qe7 15. Ne4 dxe5 16. Bxc5 Qd8 17. Bxf8 Qxf8 18. Nxe5 Nxe5 19. fxe5 Bxe5 20. c3 Bc6 21. Rae1 Bc7 22. Ng5 Qd6 23. Nf3 f6 24. Kg1 Rd8 25. d4 g5 26. Qf2 Bd5 27. g4 Qf4 28. Nh2 Qxf2+ 29. Rxf2 Bg3 30. Ref1 Bxf2+ 31. Rxf2 Kf7 32. Nf1 Ke7 33. Ng3 h6 34. Nh5 1-0

[Event "Titled Tuesday intern op 23rd Aug Early"]
[Site "Chess.com INT"]
[Date "2022.08.23"]
[Round "10"]
[White "McConnell, Griffin Thomas"]
[Black "Yaksin, Oleg"]
[Result "1-0"]
[WhiteElo "2016"]
[BlackElo "2388"]
[PlyCount "129"]
[EventDate "2022.08.23"]
[EventType "swiss (blitz)"]
[EventRounds "11"]
[EventCountry "USA"]
[SourceTitle "EXT 2023"]
[Source "ChessBase"]
[SourceDate "2022.10.05"]
[SourceVersion "1"]
[SourceVersionDate "2022.10.05"]
[SourceQuality "1"]

1. e4 e6 2. Nf3 d5 3. e5 b6 4. g3 Ba6 5. Bxa6 Nxa6 6. Qe2 Qc8 7. d4 Ne7 8. c3 c5 9. 0-0 Nc6 10. Be3 Be7 11. a3 cxd4 12. cxd4 Na5 13. Qb5+ Kf8 14. Nbd2 Qb7 15. Rac1 Rc8 16. b4 Nc6 17. Nb3 Nab8 18. Rc2 Nd8 19. Rxc8 Qxc8 20. Rc1 Qb7 21. Na5 bxa5 22. Qxb7 Nxb7 23. Rc8+ Nd8 24. Rxb8 axb4 25. axb4 f6 26. b5 Kf7 27. Bd2 Re8 28. Ba5 h6 29. Kg2 f5 30. Ne1 Kf8 31. Nd3 Nf7 32. Bc7 Rxb8 33. Bxb8 Nd8 34. Bxa7 Nb7 35. Nc5 Nd8 36. b6 Bxc5 37. dxc5 Ke8 38. c6 Nxc6 39. b7 Kd7 40. b8Q Nxb8 41. Bxb8 Kc6 42. Kf3 Kc5 43. Ke3 Kc4 44. Ba7 g5 45. f4 g4 46. Bd4 h5 47. Ba7 Kc3 48. Bd4+ Kc4 49. Ba1 Kc5 50. Kd3 Kb4 51. Kd4 Kb3 52. Kc5 Ka2 53. Bd4 Kb3 54. Kd6 Kc4 55. Bf2 d4 56. Bxd4 Kxd4 57. Kxe6 Ke3 58. Kxf5 Kf2 59. e6 Kg2 60. e7 Kxh2 61. e8Q h4 62. gxh4 g3 63. Qe2+ g2 64. Qxg2+ Kxg2 65. h5 1-0

[Event "Titled Tuesday intern op 23rd Aug Early"]
[Site "Chess.com INT"]
[Date "2022.08.23"]
[Round "11"]
[White "Turzo, Attila"]
[Black "McConnell, Griffin Thomas"]
[Result "0-1"]
[WhiteElo "2298"]
[BlackElo "2016"]
[PlyCount "118"]
[EventDate "2022.08.23"]
[EventType "swiss (blitz)"]
[EventRounds "11"]
[EventCountry "USA"]
[SourceTitle "EXT 2023"]
[Source "ChessBase"]
[SourceDate "2022.10.05"]
[SourceVersion "1"]
[SourceVersionDate "2022.10.05"]
[SourceQuality "1"]

1. e4 c6 2. d4 d5 3. e5 c5 4. dxc5 e6 5. a3 Bxc5 6. Qg4 Kf8 7. Nf3 Nc6 8. Bd3 a5 9. Kf1 Nge7 10. Bg5 Qe8 11. Nc3 Ng6 12. Re1 b6 13. h4 h5 14. Qa4 Bd7 15. Qb3 Nd4 16. Nxd4 Bxd4 17. Nb5 Bxb5 18. Bxb5 Qb8 19. f4 Qc7 20. c3 Bc5 21. Rh3 Be7 22. Bxe7+ Nxe7 23. Bd3 g6 24. Rf3 Kg7 25. g3 a4 26. Qd1 Qc5 27. Qe2 Rab8 28. Bc2 Rhd8 29. Rd1 d4 30. Bxa4 Nf5 31. Rdd3 dxc3 32. Rxc3 Qd4 33. Rfd3 Qxa4 34. Qd2 Rxd3 35. Qxd3 Qd4 36. Qxd4 Nxd4 37. Kf2 Nf5 38. Rb3 Kf8 39. Rb4 Ke7 40. a4 Kd7 41. a5 Kc6 42. a6 Ra8 43. Rc4+ Kd7 44. Ra4 b5 45. Ra5 Kc6 46. b4 Kb6 47. Ra1 Rxa6 48. Rd1 Ra7 49. Rd8 Rc7 50. Rb8+ Kc6 51. Kf3 Kd5 52. Rd8+ Kc4 53. Rd1 Kxb4 54. Rb1+ Ka5 55. Ra1+ Kb6 56. Rb1 Rc4 57. Kf2 b4 58. Kf3 Kb5 59. Kf2 Rc3 0-1

[Event "Titled Tuesday intern op 09th Aug Early"]
[Site "Chess.com INT"]
[Date "2022.08.09"]
[Round "8"]
[White "Hartikainen, Jarmo"]
[Black "McConnell, Griffin Thomas"]
[Result "0-1"]
[WhiteElo "2133"]
[BlackElo "2016"]
[PlyCount "94"]
[EventDate "2022.08.09"]
[EventType "swiss (blitz)"]
[EventRounds "11"]
[EventCountry "USA"]
[SourceTitle "EXT 2023"]
[Source "ChessBase"]
[SourceDate "2022.10.05"]
[SourceVersion "1"]
[SourceVersionDate "2022.10.05"]
[SourceQuality "1"]

1. e4 c6 2. d4 d5 3. Nc3 dxe4 4. Nxe4 Bf5 5. Ng3 Bg6 6. h4 h6 7. Bc4 e6 8. N1e2 Bd6 9. Nf4 Bxf4 10. Bxf4 Nf6 11. c3 Nbd7 12. Bd3 Bxd3 13. Qxd3 Nb6 14. Ne4 Nxe4 15. Qxe4 Qd5 16. Qxd5 Nxd5 17. Bd2 0-0-0 18. 0-0-0 Rhe8 19. Rhe1 Kd7 20. c4 Ne7 21. Bc3 f6 22. g3 b5 23. b3 Nc8 24. d5 exd5 25. cxb5 Nd6 26. bxc6+ Kxc6 27. Rxe8 Rxe8 28. Bd4 Nb5 29. Be3 a6 30. Kb2 Rd8 31. a4 Nd6 32. Rc1+ Kb7 33. Rd1 Nf5 34. Bd4 Re8 35. Kc3 Kc6 36. g4 Nxh4 37. Kb4 Nf3 38. Rc1+ Kb7 39. Bc5 Rc8 40. Ka5 Ne5 41. Be3 Rxc1 42. Bxc1 d4 43. Kb4 d3 44. Kc3 Kc6 45. Bf4 Nxg4 46. Kxd3 Nxf2+ 47. Kc4 Ne4 0-1

[Event "Titled Tuesday intern op 09th Aug Early"]
[Site "Chess.com INT"]
[Date "2022.08.09"]
[Round "7"]
[White "McConnell, Griffin Thomas"]
[Black "Najdin, Danil"]
[Result "0-1"]
[WhiteElo "2016"]
[BlackElo "2270"]
[PlyCount "72"]
[EventDate "2022.08.09"]
[EventType "swiss (blitz)"]
[EventRounds "11"]
[EventCountry "USA"]
[SourceTitle "EXT 2023"]
[Source "ChessBase"]
[SourceDate "2022.10.05"]
[SourceVersion "1"]
[SourceVersionDate "2022.10.05"]
[SourceQuality "1"]

1. e4 Nf6 2. Nc3 e5 3. Nf3 Nc6 4. Bb5 Nd4 5. Be2 Nxe2 6. Qxe2 d6 7. d3 g6 8. 0-0 Bg7 9. Bg5 0-0 10. Nd2 h6 11. Bh4 c6 12. f4 exf4 13. Kh1 g5 14. Bf2 Bg4 15. Qe1 Qd7 16. Rg1 Rae8 17. Nf3 b6 18. Qf1 Bh5 19. Be1 Ng4 20. Bd2 f5 21. Re1 fxe4 22. Nxe4 d5 23. Nc3 Ne3 24. Bxe3 fxe3 25. Qe2 b5 26. Nd1 d4 27. Ref1 Qg4 28. h3 Qg3 29. Qe1 Qxe1 30. Rxe1 Bxf3 31. gxf3 Rxf3 32. Kg2 Ref8 33. Re2 Be5 34. c3 Rg3+ 35. Kh1 Rxh3+ 36. Rh2 Rxh2# 0-1

[Event "Titled Tuesday intern op 09th Aug Early"]
[Site "Chess.com INT"]
[Date "2022.08.09"]
[Round "5"]
[White "Navarrete Mendez, Gonzalo Alberto"]
[Black "McConnell, Griffin Thomas"]
[Result "1-0"]
[WhiteElo "2185"]
[BlackElo "2016"]
[PlyCount "91"]
[EventDate "2022.08.09"]
[EventType "swiss (blitz)"]
[EventRounds "11"]
[EventCountry "USA"]
[SourceTitle "EXT 2023"]
[Source "ChessBase"]
[SourceDate "2022.10.05"]
[SourceVersion "1"]
[SourceVersionDate "2022.10.05"]
[SourceQuality "1"]

1. e4 c6 2. Nc3 d5 3. Nf3 Bg4 4. Be2 e6 5. d4 Nd7 6. 0-0 Be7 7. h3 Bh5 8. e5 f6 9. Bf4 f5 10. Ne1 Bf7 11. Nd3 g5 12. Bd2 h5 13. Kh1 b5 14. a4 b4 15. Nb1 a5 16. c3 bxc3 17. Nxc3 g4 18. Nf4 c5 19. Nb5 cxd4 20. Nxd4 Qb6 21. Be3 Qxb2 22. Ndxe6 Rc8 23. Bd4 Qb8 24. Ng7+ Kf8 25. Nge6+ Ke8 26. Rb1 Qa8 27. Ng7+ Kf8 28. e6 Ndf6 29. Nxf5 Be8 30. Nxe7 Kxe7 31. Qd2 Bc6 32. Qe3 Qb7 33. Ng6+ Ke8 34. Nxh8 Qg7 35. Qf4 Qxh8 36. Rfc1 Ke7 37. Bb5 Bb7 38. Rxc8 Bxc8 39. Qc7+ Bd7 40. exd7 Qh7 41. Re1+ Kf7 42. d8Q+ Kg6 43. Qxh7+ Kg5 44. Bxf6+ Nxf6 45. Qg7+ Kh4 46. Qdxf6# 1-0